000 00823nam a22002177a 4500
003 UA-OsUOA
001 70930
007 ta
008 20100924b un ||||| |||| 00| 0 ukr d
090 _a2(100)+323.1(08)
_bМ58
942 _cBK
040 _aUA-OsUOA
_bukr
_cUA-OsUOA
_dUA-OsUOA
245 _aМіжетнічні та міжконфесійні відносини в контексті сучасних суспільних трансформацій
_bматеріали міжнародної науково-практичної конференції 29-30 квітня 2010р.
300 _a208 с.
955 _a2
041 _aukr
080 _a2(100)+323.1(08)
260 _aЧернівці
_bЧерн. націо. унів.
_c2010
650 7 _a2 Релігія. Теологія.
_2UDC
999 _c357206
_d357206